Zbierka zákonov Českej a Slovenskej federatívnej republiky

Saved in:
Bibliographic Details
Format: Serial
Language:Slovak
Published: Praha Federálne ministerstvo vnútra 1992
Subjects:
Tags: Add Tag
No Tags, Be the first to tag this record!

MARC

LEADER 00000nas2a2200000 4500
001 s016549
005 20180117152329.6
041 0 |a slo 
044 |a CZ 
245 1 0 |a Zbierka zákonov Českej a Slovenskej federatívnej republiky 
264 1 |a Praha  |b Federálne ministerstvo vnútra  |c 1992 
300 |a 6 zv. 
773 0 |w eu_un_cat*s120942 
610 2 0 |a zákony 
610 2 0 |a právo